Schaum's outline of theory and porblems of statistics (Record no. 7820)

000 -LEADER
fixed length control field 00583nam a22002177a 4500
001 - CONTROL NUMBER
control field 7820
003 - CONTROL NUMBER IDENTIFIER
control field BD-DhUET
008 - FIXED-LENGTH DATA ELEMENTS--GENERAL INFORMATION
fixed length control field 141213b xxu||||| |||| 00| 0 eng d
020 ## - INTERNATIONAL STANDARD BOOK NUMBER
International Standard Book Number 070602271
020 ## - INTERNATIONAL STANDARD BOOK NUMBER
International Standard Book Number 0070990085
040 ## - CATALOGING SOURCE
Transcribing agency 0
Modifying agency BD-DhUET
082 ## - DEWEY DECIMAL CLASSIFICATION NUMBER
Classification number 519.9
Item number SPI/1961
100 ## - MAIN ENTRY--PERSONAL NAME
Personal name Spiegel, Murray R.
245 ## - TITLE STATEMENT
Title Schaum's outline of theory and porblems of statistics
Statement of responsibility, etc. in SI units
250 ## - EDITION STATEMENT
Edition statement 1st ed.
260 ## - PUBLICATION, DISTRIBUTION, ETC. (IMPRINT)
Place of publication, distribution, etc. New York
Name of publisher, distributor, etc. McGraw-Hill
Date of publication, distribution, etc. 1961
300 ## - PHYSICAL DESCRIPTION
Extent vii, 359p.
Other physical details ill.
Dimensions 35 cm.
490 ## - SERIES STATEMENT
Series statement Schau's outline series
650 #0 - SUBJECT ADDED ENTRY--TOPICAL TERM
Topical term or geographic name as entry element Statistical mathematics
942 ## - ADDED ENTRY ELEMENTS (KOHA)
Koha item type General Book
Holdings
Koha normalized classification for sorting Koha date last seen Piece designation (barcode) Sublocation or collection (holding branch) Location (home branch) Damaged status Koha item type Not for loan Source of classification or shelving scheme Lost status Date acquired Withdrawn status Price effective from Copy number Shelving location Koha full call number
519_900000000000000_SPI_19612014-12-1331835Central Library, BUETCentral Library, BUET General Book   2014-12-13 2014-12-131Circulation section519.9/SPI/1961
519_900000000000000_SPI_19612014-12-1331855Central Library, BUETCentral Library, BUET General Book   2014-12-13 2014-12-132Circulation section519.9/SPI/1961
519_900000000000000_SPI_19612014-12-1331842Central Library, BUETCentral Library, BUET General Book   2014-12-13 2014-12-133Circulation section519.9/SPI/1961
519_900000000000000_SPI_19612014-12-1331824Central Library, BUETCentral Library, BUET General Book   2014-12-13 2014-12-134Circulation section519.9/SPI/1961
519_900000000000000_SPI_19612014-12-1331814Central Library, BUETCentral Library, BUET General Book   2014-12-13 2014-12-135Circulation section519.9/SPI/1961
519_900000000000000_SPI_19612014-12-1331841Central Library, BUETCentral Library, BUET General Book   2014-12-13 2014-12-136Circulation section519.9/SPI/1961
519_900000000000000_SPI_19612014-12-1331818Central Library, BUETCentral Library, BUET General Book   2014-12-13 2014-12-137Circulation section519.9/SPI/1961
519_900000000000000_SPI_19612014-12-1331861Central Library, BUETCentral Library, BUET General Book   2014-12-13 2014-12-138Circulation section519.9/SPI/1961
519_900000000000000_SPI_19612014-12-1331823Central Library, BUETCentral Library, BUET General Book   2014-12-13 2014-12-139Circulation section519.9/SPI/1961
519_900000000000000_SPI_19612014-12-1331862Central Library, BUETCentral Library, BUET General Book   2014-12-13 2014-12-1310Circulation section519.9/SPI/1961
519_900000000000000_SPI_19612014-12-1331856Central Library, BUETCentral Library, BUET General Book   2014-12-13 2014-12-1311Circulation section519.9/SPI/1961
519_900000000000000_SPI_19612015-07-0931387Central Library, BUETCentral Library, BUET Reading Item   2015-07-09 2015-07-0912Reading section519.9/SPI/1961